Reuben Sandwich Ingredients - Statistics

General Stats
  • This quiz has been taken 65 times
  • The average score is 4 of 5
Answer Stats
Ingredients % Correct
{Swiss} Cheese
95%
{Rye} Bread
91%
{Corned} Beef
88%
{Russian} Dressing
71%
Sauerkraut
70%
No matching quizzes found
Score Distribution
Percent of People with Each Score
Percentile by Number Answered
Your Score History
You have not taken this quiz